|
|
|
|
| LEADER |
01473nam a2200373 a 4500 |
| 001 |
EBC1773719 |
| 003 |
MiAaPQ |
| 005 |
20200520144314.0 |
| 006 |
m o d | |
| 007 |
cr cn||||||||| |
| 008 |
130307s2012 ne ab sb 000 0 eng d |
| 020 |
|
|
|z 9789089645012
|
| 020 |
|
|
|a 9789048518128 (electronic bk.)
|
| 035 |
|
|
|a (MiAaPQ)EBC1773719
|
| 035 |
|
|
|a (Au-PeEL)EBL1773719
|
| 035 |
|
|
|a (CaPaEBR)ebr10661929
|
| 035 |
|
|
|a (CaONFJC)MIL552080
|
| 035 |
|
|
|a (OCoLC)834604353
|
| 040 |
|
|
|a MiAaPQ
|c MiAaPQ
|d MiAaPQ
|
| 043 |
|
|
|a e-xr---
|a eo-----
|a e-gx---
|
| 050 |
|
4 |
|a HE442.3
|b .J36 2012
|
| 100 |
1 |
|
|a Janac, Jiri.
|
| 245 |
1 |
0 |
|a European coasts of Bohemia
|h [electronic resource] :
|b negotiating the Danube-Oder-Elbe Canal in a troubled twentieth century /
|c Jiri Janac.
|
| 260 |
|
|
|a Amsterdam :
|b Amsterdam University Press,
|c c2012.
|
| 300 |
|
|
|a 273 p. :
|b ill., maps.
|
| 504 |
|
|
|a Includes bibliographical references.
|
| 533 |
|
|
|a Electronic reproduction. Ann Arbor, MI : ProQuest, 2015. Available via World Wide Web. Access may be limited to ProQuest affiliated libraries.
|
| 650 |
|
0 |
|a Canals
|z Czech Republic
|z Bohemia
|x History.
|
| 650 |
|
0 |
|a Canals
|z Danube River
|x History.
|
| 650 |
|
0 |
|a Canals
|z Oder River
|x History.
|
| 650 |
|
0 |
|a Canals
|z Elbe River (Czech Republic and Germany)
|x History.
|
| 655 |
|
4 |
|a Electronic books.
|
| 710 |
2 |
|
|a ProQuest (Firm)
|
| 856 |
4 |
0 |
|u https://ebookcentral.proquest.com/lib/matrademy/detail.action?docID=1773719
|z Click to View
|